| 000 | 00851 a2200229 4500 | ||
|---|---|---|---|
| 001 | 45773 | ||
| 005 | 20260407155729.0 | ||
| 008 | 260407a1987 arg spa d | ||
| 003 | AR-UNSa-BCEJYS | ||
| 040 |
_aAR-UNSa-BCEJYS _bspa _cAR-UNSa-BCEJYS |
||
| 080 |
_a316.3 _xEstructura social. La sociedad como sistema social |
||
| 245 | 1 | 0 |
_aEstructura social de la Argentina _panálisis estadístico |
| 020 | _a950-9086-26-6 | ||
| 264 | 1 |
_aBuenos Aires : _bEdiciones Solar _c1987 |
|
| 300 |
_a278 p. _c20 cm. |
||
| 505 | _a1. Estructura demográfica – 2. Estructura económico-social – 3. Otros aspectos de la estructura social. | ||
| 041 | _aspa | ||
| 942 | _cBK | ||
| 590 | _aniveau_biblio:m niveau_hierar:0 | ||
| 100 | 1 | _aGermani, Gino | |
| 856 | 4 | 1 |
_uhttps://www.biblioeco.unsa.edu.ar/pmb/images/libros/L127175.jpg _yImagen de portada _qimage/jpeg |
| 999 |
_c3993 _d3993 |
||